01623cam a22003737a 4500003000500000005001700005008004100022010001000063011001000073035001000083040000900093090001000102100004000112245015900152260004000311300005700351502010200408590003700510590004100547590004100588590004100629590004200670650002700712650004500739700004400784901000700828905002400835942000900859949005500868949004200923999001700965952014000982952012701122CHAP20220329141956.0981103d1998 mx ab r 00110 spa d a76558 a77530 a87138 cCHAP aTesis00aRamírez Figueroa, Cecilia.99398410aEvaluación del Sistema Nacional de Capacitación y Extensión Rural Integral (SINDER)c/por Cecilia Ramírez Figueroa y Juvenal Victoriano González aChapingo, Méx. :bEl autor,c1998 a103 h. :bilus. ; gráfs. ; mapas ; cuadros ; anexo aTesis (Lic. en Economía Agrícola) -- UACH. División de Ciencias Económico Administrativas aALEPHb10c20130110lUCH01h1425 aBATCH-UPDb10c20130110lUCH01h0445 aBATCH-UPDb10c20130410lUCH01h0122 aBATCH-UPDb10c20130914lUCH01h0839 aCONVERSIONb10c20130109lUCH01h134214aCapacitación.91869014aExtensión agrícolaxMéxico.9391730 aVictoriano González, Juvenal.9119089 aBK aMarco A. Mendoza T. cFOLL bBCcTESd33724000590535eTS2fc.2h33017i87138sb bBCcTESd871381eTS1h33016i87138sb c76558d76558 00102local4053708TESISaBCbBCcPA_TESISd2019-12-31fTESISl0oTesisp33724000590535r2019-12-31 00:00:00tc.2w2019-12-31yTESIS 00102local4051708TESISaBCbBCcPA_TESISd2019-12-31fTESISl0oTesisp871381r2019-12-31 00:00:00w2019-12-31yTESIS